00724nam a22002057a 450000500170000000800410001701000140005802000260007202000230009803500130012104000080013408200120014210000210015424501640017526000480033927000440038730000330043150000200046465000340048420091026144422.0091026t xxu||||| |||| 00| 0 eng d aENG-95207 a9780070153844c250.00 a0070153841c250.00 aEN-78740 aDPL a005.133 aBalagurusamy, E. aComputer concepts and programming in Ccby E. BalagurusamybFirst Semester (ECS-201), common to all branches of B.Tech first year first semester MCA (MCA-113) aNew DelhibTata McGraw Hill Educationc2009 a7, West Patel Nagar bNew Delhie110008 aVarious pagingsc24 cm.(Pbk) aIncludes index. aC (Computer program language)